[Event "Romanian Team Rapid Open 2022"]
[Site "Sebes"]
[Date "2022.12.03"]
[Round "4.2"]
[White "Ghimpu, Samuel-Timotei"]
[Black "Filip, Lucian-Ioan"]
[Result "1/2-1/2"]
[WhiteElo "2455"]
[BlackElo "2370"]
[Annotator "TA"]
[PlyCount "56"]
[EventDate "2022.12.03"]
[EventType "rapid"]
[EventCountry "ROU"]
[SourceTitle "playchess.com"]
[Source "ChessBase"]
[SourceQuality "1"]

{[%evp 11,56,33,42,0,9,0,26,0,0,0,0,-18,0,0,0,0,0,0,0,0,10,0,-10,-29,-8,-27,-24,-28,-32,-80,-73,-76,-80,-88,-79,-72,-81,-94,-89,-116,-68,-64,-21,-90,-64,-237,-180]} 1. e4 c5 2. Nf3 e6 3. d4 cxd4 4. Nxd4 Nc6 5. Nc3 Qc7 6. Be3 a6 7. g4 $1 {[%mdl 4] 7.g4 is the recent fashion. B48: Sicilian: Taimanov: 5 Nc3 Qc7 6 Be3 a6 without Be2.} b5 {[%cal Bb7b5,Bb5b4][%mdl 32]} 8. Nxc6 Qxc6 9. Qd2 {White has an edge.} b4 10. Ne2 Qxe4 11. Rg1 Qc4 12. Nf4 Qc7 13. O-O-O Nf6 14. Nh5 Nxh5 (14... Qxh2 $2 15. Bg2 Qb8 16. Bf4 $18) 15. gxh5 Bb7 {[#]} (15... Qxh2 $2 16. Bg2 Qb8 17. Bf4 $18) 16. Bb6 $1 {[%mdl 64] Inhibits a5.} Qc6 {[#]} 17. Bg2 $146 {Prevents a5.} (17. Bd4 {simplifies} Rg8 18. Kb1 a5 19. f4) ({Predecessor:} 17. Bd4 Rg8 18. Kb1 Qd5 19. Rg5 Qc6 20. Rg3 f5 21. Rd3 Qc7 22. f4 Bc6 23. Be5 {½-½ (71) Kotronias,V (2465)-Krasteva,B (2268) Silla 2022}) 17... Qc8 (17... Qxb6 $2 18. Qxd7#) 18. Bxb7 Qxb7 19. Bd4 {aiming for h6.} Rg8 $1 20. Bf6 {[#]} (20. Rg3 $15) 20... Rc8 $1 $17 {[%cal Ba8c8,Bc8c5,Bc5c2][%mdl 32]} 21. Rg4 a5 22. Qd3 {[#]} g6 $1 23. Kb1 Rc5 24. Rd4 {[%cal Rd4d7]} d5 (24... gxh5 $2 {is a self mate.} 25. Rxd7 (25. Qxh7 Rg6 $17) 25... Rc8 26. Rd8+ Rxd8 27. Qxd8#) 25. Qh3 gxh5 (25... Be7 $17 26. Be5 g5) 26. Qxh5 $15 Rg2 (26... Rg6 $5 {[%cal Rg6f6]} 27. Be5 Bg7 28. Bxg7 Rxg7 $15) 27. Rf4 (27. R4d2 $11) 27... Rxc2 $17 28. Bd4 {[#]} (28. Re1 $15 Rc6 29. Qxh7 (29. Qxd5 $2 {too greedy.} Rc1+ 30. Rxc1 exd5 $19) (29. Qf3 $2 Rg6 $19)) 28... Rg6 $1 {Weighted Error Value: White=0.24 (precise) /Black=0.07 (flawless)} 1/2-1/2

[Event "Romanian Team Rapid Open 2022"]
[Site "Sebes"]
[Date "2022.12.03"]
[Round "4.3"]
[White "Secheres, Adrian-Simion"]
[Black "Anton, Teodor"]
[Result "1-0"]
[WhiteElo "2365"]
[BlackElo "2438"]
[Annotator "TA"]
[PlyCount "127"]
[EventDate "2022.12.03"]
[EventType "rapid"]
[EventCountry "ROU"]
[SourceTitle "playchess.com"]
[Source "ChessBase"]
[SourceQuality "1"]

{[%evp 12,127,24,15,29,16,34,31,39,26,55,54,47,52,69,55,50,18,20,11,15,11,11,12,33,38,27,27,27,27,27,23,52,35,45,28,52,45,100,62,178,27,23,23,89,114,120,115,108,4,6,2,21,13,100,79,100,48,42,9,55,0,0,0,0,0,0,0,0,0,1,1,25,25,25,0,25,8,15,0,220,220,221,221,221,221,221,221,610,232,6929,6929,6211,6211,6144,6083,5906,3251,1632,218,304,206,1233,1018,29974,29975,29977,29976,29978,29979,29981,29982,29982,29982,29983,29984,29985,29986]} 1. d4 Nf6 2. c4 e6 3. Nf3 Bb4+ 4. Bd2 a5 5. g3 d5 6. Qc2 O-O 7. Bg2 b6 {E11: Bogo-Indian.} 8. O-O Bb7 (8... dxc4 {is interesting.} 9. Ne5 Ra7 10. Rd1 Bb7) 9. a3 (9. cxd5 {simplifies} Bxd2 10. Nbxd2 exd5 11. Rac1) 9... Bxd2 {White is slightly better.} 10. Nbxd2 {[%cal Bb1d2,Bd2c4,Bc4e5][%mdl 32] [#]} dxc4 $146 ({Predecessor:} 10... Nbd7 11. c5 bxc5 12. dxc5 c6 13. b4 Ba6 14. Rfe1 e5 15. e4 d4 16. Nc4 Bxc4 17. Qxc4 axb4 18. axb4 Rxa1 19. Rxa1 Nxe4 {1-0 (49) Sargissian,G (2681)-Harikrishna,P (2717) Warsaw 2021}) 11. Nxc4 Nbd7 12. Rac1 Be4 13. Qd2 Qb8 14. Nce5 Qb7 15. Qf4 c5 16. Nxd7 Nxd7 17. dxc5 Nxc5 18. b4 axb4 19. axb4 Na6 20. Rc4 {[%cal Bc1c4,Bc4d4,Bd4d3,Bd3c3,Bc3c8,Bc8e8][%mdl 32]} Bd5 21. Rd4 f6 22. Qd2 {[%cal Oe2e4]} Nc7 23. Rc1 {[%cal Oe2e4] Black must now prevent e4!} Nb5 {Inhibits e4.} 24. Rd3 {[%cal Oe2e4]} Ra2 {Inhibits e4.} (24... Rf7 $14) 25. Qe3 $16 Nd6 {[#]} ({Black should play} 25... Kh8 $14) 26. Bh3 $2 ({Better is} 26. Nd4 $1 $18 {[%cal Rd4e6]} Nc4 27. Qxe6+ Bxe6 28. Bxb7) 26... Re8 $11 27. Rdc3 Nb5 {[#] Inhibits Rc7.} (27... Qb8 $11) 28. Rc8 $1 $16 Qd7 {[#]} (28... Rxc8 $2 29. Bxe6+ Kh8 30. Rxc8+ $18) 29. Rxe8+ Qxe8 30. Qd3 (30. Ne1 $16) 30... Ra3 $132 {[%mdl 2048] Black puts up resistance} 31. Qd2 Nd6 32. Nd4 Nc4 (32... b5 $11) 33. Qc2 $16 f5 {[#] Against e4} 34. e4 {Against b5} (34. Bg2 $1 $16 {[%cal Rg2d5]}) 34... fxe4 $14 35. Nxe6 {[%mdl 64] And now Nc7 would win.} (35. Bxe6+ $5 Bxe6 36. Qxe4 $14) 35... Bxe6 (35... Qa4 $11 36. Qxa4 Rxa4) 36. Bxe6+ (36. Qxe4 $14 Bf7 37. Rxc4 Qxe4 38. Rxe4) 36... Qxe6 $11 37. Qxc4 Qxc4 38. Rxc4 $14 {[%mdl 4096] Endgame KR-KR} e3 39. fxe3 Rxe3 40. Rc6 b5 41. Rc5 Re2 42. Rxb5 Rb2 43. Rb7 h5 44. b5 Kh7 45. b6 {h3 is the strong threat.} Kg8 $2 {Black is on the road to losing.} (45... Kg6 $11 {and Black is okay.}) 46. Rb8+ $18 Kh7 47. h3 g6 48. Kf1 Kg7 49. Ke1 Kh7 $2 (49... Rb3 50. b7 Rb6) 50. Kd1 {Threatens to win with Kc1.} Rg2 $2 (50... g5 51. Kc1 Rb5) 51. Rd8 {White wants to mate with b7.} Rb2 {Prevents b7.} 52. Rd7+ Kh6 53. b7 Kg5 54. Kc1 Rb6 55. Kc2 $2 (55. Rf7 Rb5 56. Kc2) 55... Kf5 56. Kc3 Rb1 $2 (56... Ke6 57. Rg7 Kd5) 57. Kc4 {Threatening mate with Rd5+.} Rc1+ 58. Kd5 {White mates.} Rb1 59. Rf7+ Kg5 60. Kc6 h4 61. gxh4+ Kxh4 62. Rh7+ Kg3 63. Rh8 g5 64. b8=Q+ {Weighted Error Value: White=0.25 (precise) /Black=0.46} ({Not} 64. b8=B+ Kg2 $14) 1-0

[Event "Romanian Team Rapid Open 2022"]
[Site "Sebes"]
[Date "2022.12.03"]
[Round "4.4"]
[White "Talu, Mircea"]
[Black "Nastore, Pavel-Alexandru"]
[Result "1-0"]
[WhiteElo "2327"]
[BlackElo "2218"]
[Annotator "TA"]
[PlyCount "63"]
[EventDate "2022.12.03"]
[EventType "rapid"]
[EventCountry "ROU"]
[SourceTitle "playchess.com"]
[Source "ChessBase"]
[SourceQuality "1"]

{[%evp 10,63,10,0,7,0,33,28,34,6,7,8,10,16,13,-10,42,52,46,48,55,39,44,10,47,46,48,17,48,20,29,20,31,20,20,-22,7,0,27,12,32,15,32,32,32,32,32,38,45,45,54,28,44,59,550,516]} 1. Nf3 Nf6 2. b3 d5 3. Bb2 e6 4. e3 Bd6 5. c4 O-O 6. Be2 Re8 {A13: English Opening: 1...e6.} 7. d4 {Inhibits e5.} c6 8. O-O Nbd7 {White has an edge.} 9. Nbd2 b6 10. Ne5 Bb7 11. f4 c5 12. g4 Ne4 ({Better is} 12... h6 $11) 13. Nxe4 $14 dxe4 14. Nxd7 Qxd7 15. dxc5 bxc5 {[#]} 16. Qd2 $146 {Threatens to win with Be5.} (16. b4 $5 {[%cal Rb4c5]} Red8 17. b5 $11) ({Predecessor:} 16. Qe1 Qe7 17. Rd1 Rad8 18. Qa5 Qc7 19. Qxc7 Bxc7 20. g5 Rxd1 21. Rxd1 Rd8 22. Kf2 Rxd1 23. Bxd1 {½-½ (40) Kaspret,G (2318)-Grafenberger,D (1897) St Veit 2001}) 16... Qc7 17. Rad1 Rad8 {[%cal Od6f4] [#] White must now prevent ...Bxf4!} 18. Qc3 {[%csl Gb2][%cal Rc3g7]} Bf8 19. g5 e5 20. f5 f6 21. gxf6 gxf6 22. Kf2 (22. Rxd8 {simplifies} Rxd8 23. Qe1 Bh6 24. Bc1) 22... Qc8 23. Bg4 Rxd1 24. Rxd1 Rd8 25. Qc2 Rd7 (25... Rd3 {is interesting.} 26. Rxd3 exd3 27. Qxd3 Qc6) 26. Rxd7 Qxd7 27. Qd1 Qg7 28. h4 Qh6 29. Bh5 Bc6 30. Ba3 Qg7 31. Qd8 Qh6 $2 {[%mdl 8192] [#]} ({Black should play} 31... Qe7 $14 32. Qxe7 Bxe7) 32. Bxc5 {Weighted Error Value: White=0.10 (very precise) /Black=0.34} 1-0

[Event "Romanian Team Rapid Open 2022"]
[Site "Sebes"]
[Date "2022.12.03"]
[Round "4.5"]
[White "Ardelean, George-Catalin"]
[Black "Lupulescu, Constantin"]
[Result "1/2-1/2"]
[WhiteElo "2473"]
[BlackElo "2591"]
[Annotator "TA"]
[PlyCount "24"]
[EventDate "2022.12.03"]
[EventType "rapid"]
[EventCountry "ROU"]
[SourceTitle "playchess.com"]
[Source "ChessBase"]
[SourceQuality "1"]

{[%evp 9,24,0,6,8,7,20,18,32,25,17,27,0,39,0,36,0,33]} 1. d4 d5 2. Nf3 Nf6 3. c3 g6 4. Bg5 {[%cal Bc1g5,Bg5h4,Bh4g3,Bg3e5][%mdl 32]} Bg7 5. Nbd2 Nbd7 6. e3 {D03: 1 d4 d5 2 Nf3 Nf6 3 Bg5, including Torre Attack with early ...d5.} h6 7. Bh4 g5 8. Bg3 Nh5 {[#]} 9. Be5 $146 ({Predecessor:} 9. c4 Nxg3 10. hxg3 e6 11. Rc1 c6 12. Bd3 Qe7 13. a3 Qd6 14. e4 Qe7 15. cxd5 exd5 16. O-O O-O 17. Re1 Qd8 18. e5 Re8 19. b4 {1-0 (30) Mollah Abdullah,A (2514)-Makoto,R (2254) Istanbul 2012}) 9... Nhf6 10. Bg3 Nh5 $1 11. Be5 Nhf6 12. Bg3 Nh5 $1 {Not much happened in this game.   Weighted Error Value: White=0.17 (very precise) /Black=0.01 (flawless)} 1/2-1/2

[Event "Romanian Team Rapid Open 2022"]
[Site "Sebes"]
[Date "2022.12.03"]
[Round "4.6"]
[White "Jianu, Vlad-Cristian"]
[Black "Murariu, Andrei"]
[Result "1/2-1/2"]
[WhiteElo "2516"]
[BlackElo "2493"]
[Annotator "TA"]
[PlyCount "92"]
[EventDate "2022.12.03"]
[EventType "rapid"]
[EventCountry "ROU"]
[SourceTitle "playchess.com"]
[Source "ChessBase"]
[SourceQuality "1"]

{[%evp 11,92,4,21,6,16,7,11,16,13,9,27,8,6,6,10,9,21,0,0,0,-14,0,0,-15,-14,-26,-14,-3,0,0,18,21,22,20,22,25,44,0,54,31,36,31,27,20,13,0,0,0,138,21,22,20,14,21,20,19,11,0,0,0,0,-8,-8,-35,-35,-46,-46,-51,-51,-50,-15,-71,-47,-60,-39,-57,-59,-59,-41,-58,0,-43,0]} 1. d4 d5 2. Nf3 Nf6 3. g3 c6 4. Bg2 Bf5 5. c4 e6 6. Nc3 Nbd7 7. Qb3 $1 {[%mdl 4] is now more promising than 7.0-0. D11: Slav Defence: 3 Nf3 sidelines and 3...Nf6 4 e3 Bg4.} Qb6 8. c5 Qxb3 9. axb3 {The position is equal.} a6 10. b4 Rc8 11. h3 {11.Nh4 is vanishing.} h6 12. g4 Bh7 13. Bf4 Ne4 14. O-O {[#]} g5 $146 ({Predecessor:} 14... Be7 15. Rad1 O-O 16. Na2 Bd8 17. Nc1 Bc7 18. Bxc7 Rxc7 19. Nb3 Rb8 20. Ra1 Re8 {½-½ (56) Geske,J (2398)-Feldtmann,T (2255) Germany 2016}) 15. Bh2 Bg7 16. e3 O-O 17. Nxe4 Bxe4 18. Nd2 {[%cal Bf3d2,Bd2b3,Bb3a5][%mdl 32]} Bxg2 19. Kxg2 e5 20. Nb3 Rfe8 21. Na5 Rc7 22. Rfe1 Nf8 23. e4 Ng6 24. Bg3 Rce7 (24... dxe4 $11 25. Rxe4 Rce7) 25. exd5 $1 $14 cxd5 26. c6 (26. Kf1 {simplifies} Kh7 27. dxe5 Nxe5 28. Red1) 26... b6 27. Nb7 Rc8 28. Rec1 Re6 $1 29. c7 Re7 {[#]} (29... Nf4+ $11 30. Bxf4 exf4) 30. Rxa6 {White is more active.} ({Much worse is} 30. b5 $6 axb5 31. Nd6 Rcxc7 $11) (30. Nd6 $1 $16 {[%cal Rd6c8]} Rcxc7 31. Nf5) 30... Rexc7 (30... Rcxc7 {simplifies} 31. Rxc7 Rxc7 32. Rxb6 Nf4+) 31. Rxc7 Rxc7 32. Rxb6 {Threatens to win with dxe5.} Nf4+ 33. Bxf4 exf4 $11 {[%mdl 4096] Endgame KRB-KRN} 34. Nd6 {Nf5 is the strong threat.} Bxd4 35. Rb8+ Kh7 36. Nb5 Rc4 37. Rd8 Rxb4 38. Rxd5 Bb6 39. Nc3 Rxb2 40. Ne4 Rb4 41. Re5 (41. Nd6 $11 {remains equal.}) 41... Rb3 {[#] Strongly threatening ...f3+.} 42. Rf5 {Prevents f3+.} Kg7 43. Nd6 Rb2 $1 44. Ne4 {[%cal Oh3h4]} Re2 (44... Rb4 $5 {[%cal Rb4e4]} 45. Nd6 Rb2 $17) 45. Kf3 Rb2 46. Kg2 $1 Re2 {Weighted Error Value: White=0.11 (very precise) /Black=0.15 (very precise)} 1/2-1/2

[Event "Romanian Team Rapid Open 2022"]
[Site "Sebes"]
[Date "2022.12.03"]
[Round "4.7"]
[White "Berescu, Alin-Mile"]
[Black "Parligras, Mircea-Emilian"]
[Result "0-1"]
[WhiteElo "2429"]
[BlackElo "2567"]
[Annotator "TA"]
[PlyCount "78"]
[EventDate "2022.12.03"]
[EventType "rapid"]
[EventCountry "ROU"]
[SourceTitle "playchess.com"]
[Source "ChessBase"]
[SourceQuality "1"]

{[%evp 11,78,17,17,15,26,15,30,10,22,8,14,11,29,-10,-9,-9,0,-20,0,0,0,-18,0,-18,0,-55,-36,-91,-60,-72,-68,-82,-36,-54,-58,-74,-37,-158,-175,-164,-165,-168,-110,-151,-126,-152,-74,-206,-189,-208,-197,-241,-232,-316,-318,-312,-311,-311,-308,-319,-309,-314,-264,-307,-295,-441,-434,-826,-798]} 1. e4 e5 2. Nf3 Nc6 3. Bc4 Bc5 4. d3 Nf6 5. c3 a6 6. O-O d6 7. a4 {C54: Giuoco Piano: 4 c3 Nf6, main lines with 5 d4 and 5 d3.} Ba7 8. Re1 {The main line 8.Re1 scores better than 8.Nbd2.} h6 9. b4 {White has an edge.} O-O 10. h3 Ne7 11. Nbd2 Ng6 {[%cal Ob7b5]} 12. Nf1 {Prevents b5.} c6 13. Bb3 Re8 14. Be3 {[#]} Bb8 $146 ({Predecessor:} 14... Be6 15. Bc2 d5 16. Bxa7 Rxa7 17. exd5 Nxd5 18. Qd2 Qc7 19. Ne3 Ndf4 20. Nc4 Bd5 21. Nfxe5 Nxe5 22. Qxf4 {0-1 (55) Tharushi,T (1711)-Dwilewicz,K (2088) Chess.com INT 2021}) 15. Ng3 d5 16. Nh2 Be6 (16... a5 $5 {[%cal Ra5b4]}) 17. Bc2 Qd7 18. d4 (18. a5 $11) 18... dxe4 19. dxe5 (19. Nxe4 $15 Nxe4 20. Bxe4) 19... Qxd1 20. Raxd1 Bxe5 21. Bd4 $1 Bd5 ({Black should play} 21... Bxd4 $17 22. Rxd4 Nd5 23. Nxe4 Bf5) 22. Nhf1 b5 23. a5 Re6 24. Nd2 ({Better is} 24. Bxe5 $15 Rxe5 25. Nd2) 24... Bxd4 $17 25. cxd4 {[%cal Rd2e4]} Rae8 26. Nb3 {[#]} Nd7 ({Not} 26... e3 27. Nc5 $15) ({Black should try} 26... Bxb3 $1 $19 27. Bxb3 Nd5) 27. Re3 Nf4 {[%cal Of4d3]} 28. Nd2 Nd3 {Black is more active.} (28... g6 $142 29. Bxe4 Nf6) 29. Rb1 {White does not recover from this.} (29. Bxd3 $17 exd3 30. Rxd3) 29... Ba2 $19 30. Bxd3 exd3 31. Rb2 Bc4 32. Nf5 Nf6 33. Rxe6 Rxe6 {[%cal Be8e6,Be6e1,Be1e4,Be4d4][%mdl 32]} ({And not} 33... Bxe6 34. Ne3 $17) 34. Ne3 Nd5 35. Ndxc4 bxc4 36. Nxc4 Re1+ 37. Kh2 Re4 38. Ne5 (38. Ne3 $142 Rxd4 39. Nxd5 Rxd5 40. Rd2) 38... Rxd4 {[#] aiming for ...d2.} 39. Nxc6 (39. Nf3 $142 Rxb4 40. Rxb4 Nxb4 41. Kg3) 39... d2 {Weighted Error Value: White=0.46/Black=0.11 (very precise)} 0-1

[Event "Romanian Team Rapid Open 2022"]
[Site "Sebes"]
[Date "2022.12.03"]
[Round "4.8"]
[White "Gavrilescu, David"]
[Black "Cnejev, Vladimir-Alexandru"]
[Result "1-0"]
[WhiteElo "2523"]
[BlackElo "2293"]
[Annotator "TA"]
[PlyCount "63"]
[EventDate "2022.12.03"]
[EventType "rapid"]
[EventCountry "ROU"]
[SourceTitle "playchess.com"]
[Source "ChessBase"]
[SourceQuality "1"]

{[%evp 18,63,36,39,40,42,79,74,71,76,72,77,118,97,124,113,95,91,80,91,131,150,148,141,242,149,242,206,225,197,240,226,243,258,365,391,795,768,972,695,944,914,868,851,29970,6327,2215,1266]} 1. e4 e5 2. Bc4 Nf6 3. d3 Bc5 4. Nc3 Nc6 5. f4 d6 6. Nf3 Bg4 7. Na4 Bb6 8. Nxb6 axb6 9. O-O O-O 10. c3 $1 Na5 {C30: King's Gambit Declined.} 11. Bb5 c6 12. Ba4 {Black must now prevent b4.} b5 {Against b4. White is better.} 13. Bc2 {[#] Threatens to win with b4.} c5 14. Qe1 {[#]} Bxf3 $146 ({Predecessor:} 14... Nc6 15. f5 h6 16. Nd2 Bh5 17. h3 g6 18. g4 gxf5 19. exf5 Nxg4 20. hxg4 Bxg4 21. f6 {1-0 (21) Law,S (1532)-Garmatz,W (1601) LSS email 2009}) 15. Rxf3 Nd7 16. Be3 exf4 17. Bxf4 Ne5 18. Rh3 Ng6 19. Be3 {White is more active.} Re8 20. Qe2 Nc6 (20... Re6 $16 21. Rf1 (21. Qh5 h6 $16) 21... Rf6) 21. Rf1 {Strongly threatening Qh5.} (21. Qh5 $6 h6 $16) 21... Qd7 (21... Re6 $16 22. Rhf3 Nge5) 22. Qh5 Nf8 {[#]} 23. d4 {Prevents Ne5.} (23. Bb3 $6 c4 $16) 23... cxd4 24. cxd4 ({Less strong is} 24. Bb3 g6 25. Qd5 (25. Qxb5 Re5 $15) (25. Rxf7 gxh5 26. Rxd7+ Kh8 $15) 25... Ne6 26. Bxd4 (26. cxd4 $2 Nb4 $17) 26... Ncxd4 27. cxd4 Re7 $14) 24... Nd8 25. Bd3 Rxa2 (25... Re6 {is a better defense.} 26. a3 b4 27. axb4 h6) 26. Bxb5 $18 ({Worse is} 26. Qxb5 Qxb5 27. Bxb5 Rxe4 $11) 26... Qe7 (26... Re5) 27. Bg5 {[%cal Be3g5,Bg5d8,Bd8f6][%mdl 32]} Qxe4 28. Bxe8 {This pair of bishops is nice.} g6 29. Qh4 Qxe8 30. Bxd8 Qc6 31. Bf6 {Intending Qh6 and mate.} Rxb2 32. d5 {Weighted Error Value: White=0.41/Black=0.67} 1-0

[Event "Romanian Team Rapid Open 2022"]
[Site "Sebes"]
[Date "2022.12.03"]
[Round "4.9"]
[White "Costachi, Mihnea"]
[Black "Dragomirescu, Robin-Alexandru"]
[Result "1-0"]
[WhiteElo "2476"]
[BlackElo "2337"]
[Annotator "TA"]
[PlyCount "75"]
[EventDate "2022.12.03"]
[EventType "rapid"]
[EventCountry "ROU"]
[SourceTitle "playchess.com"]
[Source "ChessBase"]
[SourceQuality "1"]

{[%evp 9,75,11,0,-14,0,0,62,39,62,49,59,26,25,0,0,0,8,9,27,15,61,56,60,61,59,47,45,48,43,14,33,13,23,22,51,51,47,45,33,32,43,20,28,0,52,27,168,185,177,183,327,303,535,338,322,307,816,801,784,715,12792,6203,29988,29989,29995,29996,29996,29991]} 1. d4 Nf6 2. c4 e6 3. Nf3 b6 4. g3 Ba6 5. Qc2 c5 6. d5 {Prevents Nc6. E15: Queen's Indian: 4 g3 sidelines, 4 g3 Ba6 and 4 g3 Bb7 early deviations.} exd5 7. cxd5 d6 (7... Bb7 $11) 8. Bg2 {White is slightly better.} Be7 9. Nc3 b5 10. e4 b4 11. Ne2 (11. Qa4+ $2 Qd7 12. Qxd7+ Nbxd7 $17) 11... O-O 12. O-O {[#]} Re8 $146 {[%cal Of6e4]} ({Predecessor:} 12... Nbd7 13. Rd1 Re8 14. Nh4 g6 15. f4 Nxe4 16. Nxg6 hxg6 17. Bxe4 Bf8 18. Bf3 Bg7 {0-1 (43) Obando Guzman,S (2041)-Zuluaga Mancilla,C (2221) Pereira 2022}) 13. Re1 Bf8 14. Nf4 Nbd7 (14... Bb5 $11) 15. a3 $14 {White is more active.} bxa3 16. Rxa3 Bb5 17. Bd2 a5 18. Bc3 a4 19. h3 Nb6 20. Raa1 Nfd7 21. h4 g6 22. e5 dxe5 23. Nxe5 Nxe5 24. Bxe5 Nc4 25. Bc3 Nd6 26. h5 {[%cal Rh5g6] hxg6 is the strong threat.} (26. Nd3 {simplifies} Rxe1+ 27. Rxe1 Nf5 28. Ne5) 26... Ra7 (26... Qg5 $11) 27. Bh3 {[%cal Rh5g6] Strongly threatening hxg6.} (27. hxg6 {seems wilder.} hxg6 28. Nxg6 fxg6 29. Qxg6+ Rg7 30. Bxg7 Bxg7 31. Bh3) 27... Bd7 {A mistake that costs the game.} (27... Rxe1+ $11 {and Black has nothing to worry.} 28. Rxe1 Qg5) 28. hxg6 $40 {[%mdl 128] White wants a kill. Chess con chili.} hxg6 {[#]} 29. Ne6 $1 Bxe6 (29... Qb8 $142 30. Bf1 Nf5) 30. dxe6 Bg7 $2 (30... Qe7 31. Bg2 f5 32. Rxa4 Rxa4) 31. exf7+ Kxf7 32. Rxe8 (32. Rxa4 Rxe1+ 33. Bxe1 Rxa4 34. Qxa4 Qe7 35. Qa2+ Kf8 $16) 32... Nxe8 {[#]} (32... Qxe8 33. Bxg7 Kxg7 34. Qxc5 Qe7 35. Qd4+ Kh7 36. Rxa4 Rxa4 37. Qxa4 Nf7) 33. Be6+ $1 {[%mdl 512]} Kxe6 34. Qxg6+ Kd5 35. Bxg7 {Rd1+ would kill now.} Kc4 {[#]} 36. Qc6 $1 {White mates.} Nxg7 (36... Qd2 37. b3+) 37. Rc1+ {[%mdl 64] Skewer, Deflection} Kd3 38. Qf3+ {Weighted Error Value: White=0.17 (very precise) /Black=0.54} 1-0

[Event "Romanian Team Rapid Open 2022"]
[Site "Sebes"]
[Date "2022.12.03"]
[Round "4.10"]
[White "Ionescu, Mihai"]
[Black "Ileana, George"]
[Result "1/2-1/2"]
[WhiteElo "2243"]
[BlackElo "2343"]
[Annotator "TA"]
[PlyCount "120"]
[EventDate "2022.12.03"]
[EventType "rapid"]
[EventCountry "ROU"]
[SourceTitle "playchess.com"]
[Source "ChessBase"]
[SourceQuality "1"]

{[%evp 16,120,73,66,67,61,61,62,62,49,70,72,69,67,81,74,81,82,80,79,82,44,58,52,93,104,92,115,87,31,89,95,111,66,214,178,268,266,285,231,206,109,254,203,205,160,151,97,95,95,93,96,91,81,83,82,56,64,275,37,80,25,93,8,8,8,8,0,0,0,0,0,0,0,0,0,0,0,0,0,0,0,0,0,0,0,0,0,0,0,0,0,0,0,0,0,0,0,0,0,0,0,0,0,0,0,0]} 1. Nf3 Nf6 2. c4 c6 3. d4 d5 4. e3 g6 5. Nc3 Bg7 6. cxd5 cxd5 7. Bb5+ Bd7 8. Qb3 Bxb5 9. Qxb5+ Qd7 {D94: Grünfeld: 4 Nf3 Bg7 5 e3.} 10. Ne5 Qxb5 11. Nxb5 Na6 {Inhibits Nc7+. White is slightly better.} 12. Bd2 Nd7 {[%cal Bf6d7,Bd7b8,Bb8c6][%mdl 32]} 13. Nd3 {White has more active pieces. The black rooks are badly placed.} O-O 14. Rc1 e5 {[#]} 15. Bc3 $146 {[%cal Rd3e5]} ({Predecessor:} 15. dxe5 Nxe5 16. Nxe5 Bxe5 17. Bc3 Bxc3+ 18. Rxc3 Nb4 19. a3 Nc6 20. Kd2 Rfd8 21. Kd3 {½-½ (48) Nanu,C (2507)-Murariu,A (2511) Eforie Nord 2007}) 15... exd4 16. Bxd4 Bxd4 17. exd4 Ndb8 18. Kd2 Nc6 19. a3 (19. Ne5 $5 {[%cal Re5c6]}) 19... Rfe8 20. Rhe1 Rxe1 21. Rxe1 Rd8 22. Nc5 (22. b4 $16) 22... Nxc5 (22... Nxd4 $1 $14 23. Nxb7 Nb3+ 24. Kc3 Rd7) 23. dxc5 $14 {[%mdl 4096] Endgame KRN-KRN} a5 24. Kd3 d4 (24... a4 $14) 25. f4 Rd5 (25... Kf8 {was called for.} 26. b3 g5) 26. Kc4 $1 $18 Rh5 27. h3 {Strongly threatening Nd6.} (27. Nxd4 Rxh2 28. Re2 Rh1 $16) 27... d3 28. Nd4 (28. Kxd3 Rxc5 29. Nc3 b5 $11) (28. Rd1 $6 Rh4 $16) ({White should play} 28. Nd6 $18) 28... Rh4 (28... Nxd4 $16 {keeps fighting.} 29. Kxd4 a4) 29. Nxc6 {KRN-KR} d2 30. Ne7+ Kf8 {[#]} 31. Rd1 (31. Nxg6+ $142 $1 hxg6 32. Rd1) 31... Rxf4+ 32. Kb5 Kxe7 33. Rxd2 $16 {KR-KR} (33. Kxa5 {is interesting.} Rd4 34. Kb6 Rd7 35. c6) 33... a4 34. Rc2 {And now Kb6 would win.} Kd7 {[#]} 35. Kb6 $1 Kc8 36. Re2 {Re8+ is the strong threat.} Rc4 $2 {[#]} (36... Rf6+ $1 $14 37. Kb5 Rf4) 37. Re7 $2 (37. Re8+ $1 $18 Kd7 38. Rb8) 37... Rc2 $14 {[%csl LRb2,LRg2]} 38. Rc7+ (38. Rxb7 $2 Rxb2+ 39. Kc6 Rxb7 $19) 38... Kd8 39. Rxf7 ({Much worse is} 39. Kxb7 Rxb2+ 40. Kc6 Rxg2) (39. Rxb7 $16 Rxb2+ 40. Kc6 Rxg2 41. Rd7+ (41. Rxf7 Rg3 $11) 41... Ke8 42. Ra7) 39... Rxb2+ $11 {The position is equal.} 40. Ka5 Rxg2 41. Rxh7 ({Don't play} 41. Kxa4 Kc8 $14) 41... Kc8 42. Kxa4 g5 43. Ka5 g4 44. h4 g3 45. Rg7 Rh2 46. Rxg3 Rxh4 47. Kb6 {aiming for Rg8+.} Rh6+ 48. Kb5 Rh1 49. Rg4 Rb1+ 50. Rb4 Ra1 51. a4 Kc7 52. Rb2 Rc1 53. Rb3 Ra1 54. Rh3 Rb1+ 55. Kc4 Rc1+ 56. Kd4 Ra1 57. Rh7+ Kc6 58. Rh6+ Kc7 59. Rh7+ Kc6 60. Rh6+ Kc7 {Black escapes into a draw.   Weighted Error Value: White=0.22 (precise) /Black=0.22 (precise)} 1/2-1/2